Réalisateur par film - Statistiques

Statistiques générales
  • Ce quiz a été pris 446 fois
  • Le résultat moyen est 11 sur 22
Statistiques - réponses
Film Réalisateur % Correct
Le Parrain Francis Ford Coppola
86%
Titanic James Cameron
86%
Orange mécanique Stanley Kubrick
79%
La Liste de Schindler Steven Spielberg
78%
Astérix et Obélix : Mission Cléopâtre Alain Chabat
77%
Star Wars, épisode I : La Menace fantôme George Lucas
76%
Les Oiseaux Alfred Hitchcock
75%
Seven David Fincher
74%
Dune(2021) Denis Villeneuve
71%
La Haine Mathieu Kassovitz
64%
Forrest Gump Robert Zemeckis
57%
Whiplash Damien Chazelle
54%
No country for old men Joel Coen, Ethan Coen
53%
Spider-Man 3 Sam Raimi
45%
Malcolm X Spike Lee
33%
Signes M. Night Shyamalan
30%
Scream Wes Craven
27%
Usual Suspects Bryan Singer
18%
Pee-wee Big Adventure Tim Burton
17%
Bad Boys Michael Bay
16%
Zombie George A. Romero
10%
La fièvre du samedi soir John Badham
3%
Aucun quiz correspondant
Distribution des résultats
% des personnes avec chaque résultat
Percentile par nombre de réponses
Votre historique - résultats
Vous n’avez pas pris ce quiz